| 000 | 00378nam a2200157Ia 4500 | ||
|---|---|---|---|
| 008 | 210716s2011 xx 000 0 und d | ||
| 020 | _a9788130917054 | ||
| 041 | _aeng | ||
| 082 | _a338.5 KRED | ||
| 100 | _aKreps, David M. | ||
| 245 | _aMicroeconomics for managers. | ||
| 250 | _a1 | ||
| 260 |
_aNew Delhi _bViva Books _c2011 |
||
| 300 | _axviii,652 | ||
| 650 | _aEconomics | ||
| 999 |
_c208520 _d208520 |
||